000 003900000a22001690004500
003 LK-CoMWRAF
008 230817t ||||| |||| 00| 0 eng d
040 _aLK-CoMWRAF
_dLK-CoMWRAF
_eLK-CoMWRAF
041 _aeng
082 _a460
_bMAT
245 _aMattukaruthin Mathippu
_b
260 _aColombo
_bIJUPI
_c1994
300 _ap.44
490 _aNo.3
650 _asociology
942 _cBK
999 _c2897
_d2897